000
00280nam a22001337a 4500
008
171108b xxu||||| |||| 00| 0 eng d
020
_a
9789994369317
041
_a
ALB
080
_a
330.322
100
_a
64
101
_a
INV
245
_a
INVESTIME
_c
KRIPA.D
942
_2
udc
_c
BK
999
_c
38233
_d
38233